Building measurement worked examples (Record no. 100801)

MARC details
000 -LEADER
fixed length control field 00826cam a2200205 4500
008 - FIXED-LENGTH DATA ELEMENTS--GENERAL INFORMATION
fixed length control field 000000n1999 000 0 eng u
020 ## - INTERNATIONAL STANDARD BOOK NUMBER
International Standard Book Number 0949823791
035 ## - SYSTEM CONTROL NUMBER
System control number (Sirsi) u108485
041 0# - LANGUAGE CODE
Language code of text/sound track or separate title eng
050 04 - LIBRARY OF CONGRESS CALL NUMBER
Classification number 692.30994 $2 18
100 1# - MAIN ENTRY--PERSONAL NAME
Personal name Picken, David H.
245 00 - TITLE STATEMENT
Title Building measurement worked examples
260 ## - PUBLICATION, DISTRIBUTION, ETC.
Place of publication, distribution, etc. Geelong, Australia
Name of publisher, distributor, etc. Deakin University Press
Date of publication, distribution, etc. 1999
300 ## - PHYSICAL DESCRIPTION
Extent ix, 314p.
Other physical details ill.
Dimensions 30cm.
520 ## - SUMMARY, ETC.
Summary, etc. Aimed at students, the worked examples based on provisions set out in the Australian Standard Method of Measurement. Presented to the RICS by the publisher on behalf of the author, a Chartered Quantity Surveyor.
650 24 - SUBJECT ADDED ENTRY--TOPICAL TERM
Topical term or geographic name entry element AUSTRALIAN STANDARD METHOD OF MEASUREMENT
651 #4 - SUBJECT ADDED ENTRY--GEOGRAPHIC NAME
Geographic name AUSTRALIA
690 ## - LOCAL SUBJECT ADDED ENTRY--TOPICAL TERM (OCLC, RLIN)
Topical term or geographic name as entry element BUILT ENVIRONMENT-QUANTITY SURVEYING-STANDARD METHOD OF MEASUREMENT
942 ## - ADDED ENTRY ELEMENTS (KOHA)
Suppress in OPAC 0
Holdings
Withdrawn status Lost status Source of classification or shelving scheme Damaged status Not for loan Home library Current library Shelving location Date acquired Total Checkouts Full call number Barcode Date last seen Date last checked out Copy number Price effective from Koha item type
    Dewey Decimal Classification     London London Books 01/12/2000 20 F692.30994 PIC 30062128 06/08/2019 17/08/2009 1 06/08/2019 Book